000 00483nam a2200181Ia 4500
003 GCL
008 140319s9999 xx 000 0 eng d
040 _aGCL /
_cGCL
082 0 4 _a709.52
_bK E
100 1 _aKATANO, TAKASHI
245 1 0 _aTHE EDO PERIOD: THE DESIGNER'S GUIDE TO JAPANESE PATTERNS /
_cKATANO, TAKASHI
700 1 _aALLEN, JANNE
260 _a[S.N] :
_bTHAMES AND HUDSON ،
_c1988
300 _a132
650 0 4 _aART JAPANESE
650 0 4 _aARTS
942 _2ddc
_cBK
999 _c17454
_d17454